Pedro Morandé : textos escogidos de antropología cristiana /

Detalles Bibliográficos
Otros Autores: Brahm, Sofía (Editor)
Formato: Electrónico eBook
Lenguaje:español
Publicado: Santiago, Chile : Ediciones UC, [2017]
Colección:Colección Alameda (Ediciones Universidad Católica de Chile)
Materias:
Acceso en línea:Digitalia Hispánica

MARC

LEADER 00000nam a2200000Ii 4500
001 DIGUCCH0252
003 NyNyDIG
006 m o d
007 cr |||||||||||
008 250801s2017 cl ob 000 0 spa d
035 |a (OCoLC)1531994044 
040 |a DGITA  |b eng  |e rda  |e pn  |c DGITA 
020 |a 9789561422155  |q edición digital 
020 |z 9789561421639  |q edición impresa 
050 1 4 |a BT701.3 ebook 
245 0 0 |a Pedro Morandé :  |b textos escogidos de antropología cristiana /  |c Sofía Brahm, editora. 
264 1 |a Santiago, Chile :  |b Ediciones UC,  |c [2017] 
300 |a 1 online resource. 
336 |a text  |b txt  |2 rdacontent 
337 |a computer  |b c  |2 rdamedia 
338 |a online resource  |b cr  |2 rdacarrier 
347 |a text file  |2 rdaft 
347 |b EPUB 
490 1 |a Colección Alameda 
504 |a Includes bibliographical references. 
588 0 |a Online resource; title from ePub title page (Digitalia, viewed August 1, 2025) 
600 1 0 |a Morandé, Pedro. 
650 0 |a Theological anthropology. 
650 0 |a Culture conflict  |x Religious aspects  |x Christianity. 
700 1 |a Brahm, Sofía,  |e editor. 
776 0 8 |i Print version:  |t Pedro Morandé.  |d Santiago, Chile : Ediciones UC, [2017]  |z 9789561421639 
791 2 |a Digitalia (Firm),  |e distributor. 
793 0 |g Digitalia eBook Collection:  |a Universidad Católica de Chile 
830 0 |a Colección Alameda (Ediciones Universidad Católica de Chile) 
856 4 0 |3 Digitalia Hispánica  |u https://www.digitaliapublishing.com/a/175551/ 
910 |a Premium collection: 2025